[Event "Quens's Pawn Game Thematic 1"]
[Site "SchemingMind.com"]
[Date "2024.09.19"]
[Round "-"]
[White "The Stonewall"]
[Black "Helga1946"]
[Result "1/2-1/2"]
[WhiteCountry "ENG"]
[BlackCountry "GER"]
[WhiteElo "2305"]
[WhiteRD "75"]
[BlackElo "2420"]
[BlackRD "68"]
[GameID "747371"]

1. d4 d5 2. Nf3 Nf6 3. g3 Bf5 4. Bg2 e6 5. c4 c6 6. Nc3 h6 7. O-O Be7 8. Nd2 O-O 9. e4 dxe4 10. Ndxe4 Nbd7
11. Be3 Nxe4 12. Nxe4 Nf6 13. Nc3 a6 14. Qe2 b5 15. Bxc6 bxc4 16. Qxc4 Rb8 17. b3 Bb4 18. Na4 Rc8 19. Qxa6 Nd5 20. a3 Nxe3
21. fxe3 Bxa3 22. Rxa3 Qd6 23. Nc5 Rxc6 24. Qe2 Bh3 25. Rfa1 Qd5 26. b4 Rb8 27. Nd3 Qe4 28. Nc5 Qg6 29. b5 Rcc8 30. Ra6 Qf5
31. b6 Rc6 32. Nd7 Rbc8 33. Nc5 Rb8 34. Nd7 Rbc8 35. Rd1 Rd8 36. e4 Qg5 37. Ne5 Rcd6 38. Kf2 Rb8 39. b7 Qf6+ 40. Ke1 Qe7
41. Nc6 Rxc6 42. Rxc6 Qxb7 43. Rdc1 Qd7 44. Qd2 Rb3 45. R6c3 Qb5 46. Qe2 Qa5 47. Qd2 Qb5 48. Kf2 Rb2 49. R3c2 Rb4 50. Qc3 e5
51. Qc5 Qa4 52. Rc4 Rb2+ 53. R1c2 Qb3 54. Rxb2 Qxb2+ 55. Rc2 Qb1 56. dxe5 Qf1+ 57. Ke3 Qe1+ 58. Re2 Qg1+ 59. Rf2 Qe1+ 60. Kf3 Qh1+
61. Ke3 Qe1+ 62. Kf4 g5+ 63. Kf3 Qd1+ 64. Ke3 Qe1+ 65. Kd3 Bf1+ 66. Kc2 Qxe4+ 67. Kd2 Bh3 68. Re2 Qa4= 69. Ke3 Qd1 70. Qc3 Qg1+
71. Rf2 Be6 72. Qc5 Qe1+ 73. Kd3 Qb1+ 74. Kd2=
1/2-1/2

[Event "Quens's Pawn Game Thematic 1"]
[Site "SchemingMind.com"]
[Date "2024.09.15"]
[Round "-"]
[White "Helga1946"]
[Black "The Stonewall"]
[Result "1-0"]
[WhiteCountry "GER"]
[BlackCountry "ENG"]
[WhiteElo "2437"]
[WhiteRD "66"]
[BlackElo "2282"]
[BlackRD "75"]
[GameID "747372"]

1. d4 d5 2. c4 e6 3. Nf3 c6 4. e3 Nf6 5. b3 Nbd7 6. Bb2 Bd6 7. Bd3 O-O 8. Qc2 b6 9. cxd5 cxd5 10. Qc6 Qc7
11. Qxc7 Bxc7 12. Nc3 Bd6 13. Nb5 Bb4+ 14. Bc3 Be7 15. Nc7 Rb8 16. Ke2 Bb7 17. Rhc1 Rbc8 18. Bb2 Ne4 19. a4 Bd6 20. Nb5 Bb8
21. Na3 a6 22. b4 Bd6 23. b5 a5 24. Bxe4 dxe4 25. Nd2 Rxc1 26. Rxc1 Bb8 27. Nac4 Rc8 28. h3 Bd5 29. f3 exf3+ 30. gxf3 f6
31. Kd3 Bb7 32. e4 e5 33. Rd1 Kf7 34. d5 Nc5+ 35. Kc2 Nxa4 36. Ba3 Ke8 37. h4 g6 38. Rg1 Kd7 39. Kb3 Nc5+ 40. Ka2 Na4
41. Rc1 Ba7 42. Nb3 Bb8 43. h5 g5 44. Nbd2 Ba7 45. Rc2 h6 46. Nf1 Nc5 47. Nfe3 a4 48. Ng4 Nb3 49. Nxh6 Nd4 50. Ng4 Nxc2
51. Nxf6+ Kd8 52. Nxe5
1-0

[Event "Quens's Pawn Game Thematic 1"]
[Site "SchemingMind.com"]
[Date "2024.09.25"]
[Round "-"]
[White "The Stonewall"]
[Black "Henk Miedema"]
[Result "1-0"]
[WhiteCountry "ENG"]
[BlackCountry "NED"]
[WhiteElo "2249"]
[WhiteRD "75"]
[BlackElo "801"]
[BlackRD "99"]
[GameID "747624"]

1. d4 d5 2. c4 e6 3. Nc3 Bd6 4. cxd5 Bd7 5. dxe6 Bxe6 6. e4 Ne7 7. Nf3 c6 8. Ng5 Qd7 9. Bd3 O-O 10. e5 Bg4
11. Bxh7+ Kh8 12. f3 Bf5 13. exd6 Bxh7 14. dxe7 Qxe7+ 15. Kf2 Nd7 16. Re1 b5 17. Rxe7 Nf6 18. Nxf7+ Rxf7 19. Rxf7 Bg6 20. Rb7 b4
21. Rxb4 a5 22. Rb6 Be8 23. Bg5 Nd7 24. Rb7 Kg8 25. Qe2 Rb8 26. Rxb8 Nxb8 27. Qxe8+ Kh7 28. Qxb8 g6 29. Re1 Kg7 30. Re7#
1-0

[Event "Quens's Pawn Game Thematic 1"]
[Site "SchemingMind.com"]
[Date "2024.09.25"]
[Round "-"]
[White "Henk Miedema"]
[Black "The Stonewall"]
[Result "0-1"]
[WhiteCountry "NED"]
[BlackCountry "ENG"]
[WhiteElo "801"]
[WhiteRD "99"]
[BlackElo "2249"]
[BlackRD "75"]
[GameID "747625"]

1. d4 d5 2. e3 Nf6 3. Bb5+ c6 4. Bd3 Bg4 5. f3 Bh5 6. Ne2 Nbd7 7. O-O e6 8. Ng3 Bg6 9. Bxg6 hxg6 10. Bd2 Bd6
11. Ne2 Rxh2 12. Qe1 Qc7 13. Qh4 Rxh4 14. Be1 Rh7 15. Nbc3 O-O-O 16. a3 Rdh8 17. f4 Rh1+ 18. Kf2 Ng4+ 19. Kf3 Rxf1+ 20. Kg3 Qd8
21. Kxg4 f5+ 22. Kg3 Qh4#
0-1

[Event "Quens's Pawn Game Thematic 1"]
[Site "SchemingMind.com"]
[Date "2024.09.27"]
[Round "-"]
[White "Henk Miedema"]
[Black "Helga1946"]
[Result "0-1"]
[WhiteCountry "NED"]
[BlackCountry "GER"]
[WhiteElo "801"]
[WhiteRD "99"]
[BlackElo "2424"]
[BlackRD "65"]
[GameID "747627"]

1. d4 d5 2. e3 Nf6 3. Bb5+ c6 4. Be2 Bf5 5. Bd3 e6 6. Bxf5 exf5 7. Qd3 g6 8. Nf3 Bd6 9. O-O O-O 10. e4 dxe4
11. Qb3 exf3 12. Qxb7 Ng4 13. g3 Nxh2 14. Qxa8 Nxf1 15. Kxf1 Qe7 16. Nd2 Qe2+ 17. Kg1 Bxg3 18. fxg3 Qg2#
0-1

[Event "Quens's Pawn Game Thematic 1"]
[Site "SchemingMind.com"]
[Date "2024.10.03"]
[Round "-"]
[White "The Stonewall"]
[Black "Chessibelle"]
[Result "1-0"]
[WhiteCountry "ENG"]
[BlackCountry "ENG"]
[WhiteElo "2249"]
[WhiteRD "75"]
[BlackElo "1001"]
[BlackRD "58"]
[GameID "747851"]

1. d4 d5 2. c4 Nf6 3. cxd5 Nxd5 4. e4 Nf6 5. Nc3 e6 6. Nf3 h6 7. Be2 b6 8. Qc2 Bd7 9. O-O Bd6 10. e5 Be7
11. exf6 Bxf6 12. Bf4 O-O 13. Nb5 c6 14. Nc7 c5 15. Nxa8 Be7 16. Nc7 Nc6 17. dxc5 Bxc5 18. Rfd1 f6 19. Bc4 Kh8 20. Bxe6 Qe7
21. Rxd7 Bxf2+ 22. Kxf2 Nb4 23. Qg6 Qc5+ 24. Kf1 Nc2 25. Qxg7#
1-0

[Event "Quens's Pawn Game Thematic 1"]
[Site "SchemingMind.com"]
[Date "2024.10.03"]
[Round "-"]
[White "Chessibelle"]
[Black "The Stonewall"]
[Result "0-1"]
[WhiteCountry "ENG"]
[BlackCountry "ENG"]
[WhiteElo "1001"]
[WhiteRD "58"]
[BlackElo "2249"]
[BlackRD "75"]
[GameID "747852"]

1. d4 d5 2. e3 Nf6 3. h3 Bf5 4. Nc3 c6 5. f3 h6 6. g4 Bh7 7. b3 Qc7 8. Bg2 Na6 9. f4 Nb4 10. a4 Nxc2+
11. Kf1 Nxa1 12. Nf3 Qb6 13. Nd2 Nc2 14. Qe2 e6 15. Kf2 Nxd4 16. Qe1 Nc2 17. Qd1 Qxe3+ 18. Kf1 Bd3+ 19. Ne2 Bc5 20. Ne4 Bxe2+
21. Qxe2 Qxc1+
0-1

[Event "Quens's Pawn Game Thematic 1"]
[Site "SchemingMind.com"]
[Date "2024.10.07"]
[Round "-"]
[White "Chessibelle"]
[Black "Helga1946"]
[Result "0-1"]
[WhiteCountry "ENG"]
[BlackCountry "GER"]
[WhiteElo "1001"]
[WhiteRD "58"]
[BlackElo "2424"]
[BlackRD "65"]
[GameID "747853"]

1. d4 d5 2. Nf3 e6 3. Bd2 c5 4. b3 cxd4 5. Nxd4 e5 6. Nf3 Nc6 7. e3 Nf6 8. g3 Bc5 9. Qe2 e4 10. Nh4 O-O
11. Nc3 Bg4 12. f3 exf3 13. Nxf3 Re8 14. O-O-O Ne4 15. Be1 Qf6 16. Bg2 Ba3+ 17. Kb1 Nxc3+ 18. Bxc3 Qxc3 19. Rd3 Qb2#
0-1

[Event "Quens's Pawn Game Thematic 1"]
[Site "SchemingMind.com"]
[Date "2024.10.07"]
[Round "-"]
[White "Helga1946"]
[Black "Chessibelle"]
[Result "1-0"]
[WhiteCountry "GER"]
[BlackCountry "ENG"]
[WhiteElo "2424"]
[WhiteRD "65"]
[BlackElo "1001"]
[BlackRD "58"]
[GameID "747854"]

1. d4 d5 2. c4 Nf6 3. cxd5 Nxd5 4. Nf3 f6 5. e4 Nb4 6. Qa4+ N8c6 7. a3 Na6 8. Bxa6 Rb8 9. Bc4 e6 10. d5 Bd7
11. dxe6 Bc8 12. Nc3 Be7 13. Bf4 O-O 14. Nd5 Bd6 15. Bxd6 Qxd6 16. e7 Re8 17. e5 Qc5 18. Nxc7+ Kh8 19. Nxe8 Qxe5+ 20. Nxe5 Nxe5
21. Qxa7 Nc6 22. Qxb8 Nxb8 23. Nxf6 gxf6 24. e8=Q+ Kg7 25. Qf7+
1-0

[Event "Quens's Pawn Game Thematic 1"]
[Site "SchemingMind.com"]
[Date "2024.10.03"]
[Round "-"]
[White "Chessibelle"]
[Black "Henk Miedema"]
[Result "1-0"]
[WhiteCountry "ENG"]
[BlackCountry "NED"]
[WhiteElo "1001"]
[WhiteRD "58"]
[BlackElo "801"]
[BlackRD "99"]
[GameID "747855"]

1. d4 d5 2. Nf3 Nf6 3. e3 e6 4. Bd2 a6 5. b3 Bd6 6. g3 O-O 7. Be2 b5 8. Nc3 Ba3 9. O-O Bb7 10. Ng5 Bb2
11. Rb1 Ba3 12. Bd3 Be7 13. f4 Qd7 14. Ne2 Qd6 15. b4 Nc6 16. a3 Bc8 17. Qe1 Qd8 18. Qf2 g6 19. c3 Ng4 20. Qg2 Nf6
21. Qh3 e5 22. Qh6 Ng4 23. Qxh7#
1-0

[Event "Quens's Pawn Game Thematic 1"]
[Site "SchemingMind.com"]
[Date "2024.10.03"]
[Round "-"]
[White "Henk Miedema"]
[Black "Chessibelle"]
[Result "1-0"]
[WhiteCountry "NED"]
[BlackCountry "ENG"]
[WhiteElo "801"]
[WhiteRD "99"]
[BlackElo "1001"]
[BlackRD "58"]
[GameID "747856"]

1. d4 d5 2. Bf4 Nc6 3. Bxc7 Qxc7 4. Nc3 a6 5. Nxd5 Qa5+ 6. Nc3 Nf6 7. e3 g6 8. Nf3 e6 9. Bc4 Be7 10. O-O Qd8
11. d5 exd5 12. Bb3 O-O 13. Bxd5 Qc7 14. Bxc6 Qxc6 15. Nd4 Qd7 16. Qf3 Rb8 17. e4 Qxd4 18. Rad1 Qb4 19. Qf4
1-0

[Event "Quens's Pawn Game Thematic 1"]
[Site "SchemingMind.com"]
[Date "2024.10.31"]
[Round "-"]
[White "The Stonewall"]
[Black "pnwmusichound"]
[Result "1-0"]
[WhiteCountry "ENG"]
[BlackCountry "USA"]
[WhiteElo "2266"]
[WhiteRD "73"]
[BlackElo "1778"]
[BlackRD "116"]
[GameID "748501"]

1. d4 d5 2. Nf3 Nf6 3. c4 c6 4. e3 g6 5. Nc3 Bg7 6. b3 O-O 7. Bb2 a6 8. Be2 b5 9. O-O bxc4 10. bxc4 dxc4
11. Bxc4 Qb6 12. Ba3 Re8 13. Rb1 Qc7 14. e4 e6 15. e5 Nfd7 16. Ne4 c5 17. Nfg5 cxd4 18. Nd6 Re7 19. Nxc8 Qxc8 20. Bxe7 Qxc4
21. Qf3 Ra7 22. Qxf7+ Kh8 23. Rxb8+ Nxb8 24. Qe8+
1-0

[Event "Quens's Pawn Game Thematic 1"]
[Site "SchemingMind.com"]
[Date "2024.10.31"]
[Round "-"]
[White "pnwmusichound"]
[Black "The Stonewall"]
[Result "0-1"]
[WhiteCountry "USA"]
[BlackCountry "ENG"]
[WhiteElo "1778"]
[WhiteRD "116"]
[BlackElo "2266"]
[BlackRD "73"]
[GameID "748502"]

1. d4 d5 2. Nf3 c5 3. c4 e6 4. cxd5 exd5 5. Nc3 Nc6 6. g3 Nf6 7. Bg2 Be7 8. O-O O-O 9. b3 Ne4 10. Bb2 Bf6
11. e3 Bg4 12. Qc1 cxd4 13. Nxe4 dxe4 14. Nxd4 Bxd4 15. Bxd4 Nxd4 16. exd4 Qxd4 17. Qf4 f5 18. h3 Be2 19. Rfe1 Rad8 20. Rac1 Bb5
21. Qc7 Bc6 22. Rcd1 Qxd1 23. Rxd1 Rxd1+ 24. Kh2 Rd2 25. Qa5 Rxf2 26. Qxa7 e3
0-1

[Event "Quens's Pawn Game Thematic 1"]
[Site "SchemingMind.com"]
[Date "2024.11.04"]
[Round "-"]
[White "pnwmusichound"]
[Black "Chessibelle"]
[Result "1-0"]
[WhiteCountry "USA"]
[BlackCountry "ENG"]
[WhiteElo "1778"]
[WhiteRD "116"]
[BlackElo "959"]
[BlackRD "56"]
[GameID "748503"]

1. d4 d5 2. Nf3 Nf6 3. g3 h6 4. Bg2 b5 5. Bf4 e6 6. Nc3 Nbd7 7. Nxb5 Bb4+ 8. c3 Ba5 9. b4 Bb6 10. a4 a5
11. O-O O-O 12. Qc2 Qe7 13. Bxc7 Ra6 14. Bd6 Qe8 15. Bxf8 Kxf8 16. c4 Ne4 17. cxd5 exd5 18. Nc7 Bxc7 19. Qxc7 Nef6 20. bxa5 g5
21. Rfc1 Re6 22. Ne5 Kg7 23. Qxc8 Qe7 24. Rc7 Qd6 25. Nxd7 Ne8 26. Rc5 Rxe2 27. Bxd5 Qe7 28. Kf1 Kg6 29. Ne5+ Kh5 30. Qh3#
1-0

[Event "Quens's Pawn Game Thematic 1"]
[Site "SchemingMind.com"]
[Date "2024.11.04"]
[Round "-"]
[White "Chessibelle"]
[Black "pnwmusichound"]
[Result "0-1"]
[WhiteCountry "ENG"]
[BlackCountry "USA"]
[WhiteElo "959"]
[WhiteRD "56"]
[BlackElo "1778"]
[BlackRD "116"]
[GameID "748504"]

1. d4 d5 2. e3 Nf6 3. h3 Bf5 4. a3 e6 5. Bd2 Be7 6. c3 O-O 7. Nf3 Nbd7 8. b4 b6 9. Nh2 c5 10. f3 cxd4
11. exd4 Bg6 12. g4 Qc7 13. Be2 Qg3+ 14. Kf1 Qxh3+ 15. Kf2 Ne4+ 16. Ke3 Bg5+ 17. Kd3 Nf2#
0-1

[Event "Quens's Pawn Game Thematic 1"]
[Site "SchemingMind.com"]
[Date "2024.11.04"]
[Round "-"]
[White "pnwmusichound"]
[Black "Helga1946"]
[Result "0-1"]
[WhiteCountry "USA"]
[BlackCountry "GER"]
[WhiteElo "1778"]
[WhiteRD "116"]
[BlackElo "2461"]
[BlackRD "65"]
[GameID "748505"]

1. d4 d5 2. e4 dxe4 3. f3 e5 4. d5 Nf6 5. Nc3 Bb4 6. Bc4 c6 7. Bd2 Bxc3 8. Bxc3 cxd5 9. Bb3 d4 10. Bb4 a5
11. Ba3 b5 12. c3 Nc6 13. Bxf7+ Kxf7 14. fxe4 Qb6 15. b4 Rd8 16. Nf3 dxc3 17. Qb3+ Ke8 18. Qxc3 axb4 19. Bxb4 Nxe4 20. Qb2 Nxb4
21. Qxe5+ Kf8 22. Qxe4 Nd3+
0-1

[Event "Quens's Pawn Game Thematic 1"]
[Site "SchemingMind.com"]
[Date "2024.11.04"]
[Round "-"]
[White "Helga1946"]
[Black "pnwmusichound"]
[Result "1-0"]
[WhiteCountry "GER"]
[BlackCountry "USA"]
[WhiteElo "2461"]
[WhiteRD "65"]
[BlackElo "1778"]
[BlackRD "116"]
[GameID "748506"]

1. d4 d5 2. c4 c6 3. cxd5 cxd5 4. Nc3 Nc6 5. Bf4 Nf6 6. Nf3 Nh5 7. Bd2 e6 8. e3 Be7 9. Ne5 Nf6 10. f4 O-O
11. Bd3 a5 12. O-O Qc7 13. a3 b6 14. Rc1 Ba6 15. Bxa6 Rxa6 16. Nb5
1-0

[Event "Quens's Pawn Game Thematic 1"]
[Site "SchemingMind.com"]
[Date "2024.11.04"]
[Round "-"]
[White "pnwmusichound"]
[Black "Henk Miedema"]
[Result "1-0"]
[WhiteCountry "USA"]
[BlackCountry "NED"]
[WhiteElo "1778"]
[WhiteRD "116"]
[BlackElo "775"]
[BlackRD "81"]
[GameID "748507"]

1. d4 d5 2. c4 e6 3. g3 Bb4+ 4. Nd2 Nf6 5. Nf3 O-O 6. Bg2 Bd7 7. O-O Qe8 8. Qb3 a5 9. a3 Ba4 10. Qd3 Nc6
11. axb4 Nxb4 12. Qc3 Bc6 13. Ne5 Qd8 14. b3 Qd6 15. Ba3 b6 16. c5 Bb5 17. cxd6 Bxe2 18. Rfe1 Ba6 19. Qxc7 Nc2 20. Qxc2 Rfd8
21. Qc7 Re8 22. Qxf7+ Kh8 23. d7 Rf8 24. Bxf8 Bb5 25. Qxg7#
1-0

[Event "Quens's Pawn Game Thematic 1"]
[Site "SchemingMind.com"]
[Date "2024.11.03"]
[Round "-"]
[White "Henk Miedema"]
[Black "pnwmusichound"]
[Result "0-1"]
[WhiteCountry "NED"]
[BlackCountry "USA"]
[WhiteElo "775"]
[WhiteRD "81"]
[BlackElo "1778"]
[BlackRD "116"]
[GameID "748508"]

1. d4 d5 2. e3 c5 3. Bb5+ Nc6 4. dxc5 e6 5. Bxc6+ bxc6 6. b4 a5 7. Ba3 axb4 8. Bxb4 Ba6 9. Qd2 Nf6 10. Nf3 g6
11. Ba5 Qb8 12. Na3 Bxc5 13. Nb1 Ne4 14. c3 Nxd2 15. Nbxd2 Qb5 16. Ne5 Qxa5 17. c4 dxc4 18. Nxc6 Qb5 19. Ne5 Bb4 20. O-O Qxe5
21. Nxc4 Bxc4 22. Rfc1 Bd6 23. g3 O-O 24. Rxc4 Qxa1+ 25. Kg2 Rxa2 26. Kh3 Qf1+ 27. Kg4 Qxc4+ 28. Kf3 Qe2+ 29. Kg2 Qxf2+ 30. Kh3 Qxh2+
31. Kg4 Qxg3#
0-1

[Event "Quens's Pawn Game Thematic 1"]
[Site "SchemingMind.com"]
[Date "2024.11.06"]
[Round "-"]
[White "The Stonewall"]
[Black "bartleby en passant"]
[Result "1-0"]
[WhiteCountry "ENG"]
[BlackCountry "IRL"]
[WhiteElo "2271"]
[WhiteRD "76"]
[BlackElo "1511"]
[BlackRD "152"]
[GameID "748628"]

1. d4 d5 2. Nf3 Bg4 3. Ne5 Bf5 4. c4 e6 5. Qb3 Qc8 6. Nc3 f6 7. Nf3 a6 8. cxd5 Bd6 9. e4 Bg4 10. e5 fxe5
11. dxe5 Be7 12. Qa4+
1-0

[Event "Quens's Pawn Game Thematic 1"]
[Site "SchemingMind.com"]
[Date "2024.11.04"]
[Round "-"]
[White "bartleby en passant"]
[Black "The Stonewall"]
[Result "0-1"]
[WhiteCountry "IRL"]
[BlackCountry "ENG"]
[WhiteElo "1511"]
[WhiteRD "152"]
[BlackElo "2271"]
[BlackRD "76"]
[GameID "748629"]

1. d4 d5 2. Nc3 c6 3. Bf4 Qb6 4. b3 Nf6 5. e3 e5 6. Bxe5 Bb4 7. Ne2 Qa5 8. Qd3 Ne4 9. a3 Na6 10. axb4 Qxa1+
11. Nd1 Nxb4 12. Qc3 Nxc3
0-1

[Event "Quens's Pawn Game Thematic 1"]
[Site "SchemingMind.com"]
[Date "2024.11.09"]
[Round "-"]
[White "bartleby en passant"]
[Black "pnwmusichound"]
[Result "0-1"]
[WhiteCountry "IRL"]
[BlackCountry "USA"]
[WhiteElo "1521"]
[WhiteRD "89"]
[BlackElo "1796"]
[BlackRD "102"]
[GameID "748630"]

1. d4 d5 2. Nc3 e5 3. dxe5 Nc6 4. Qxd5 Bf5 5. Qxd8+ Rxd8 6. e4 Bg6 7. Bb5 Bb4 8. Bxc6+ bxc6 9. Ne2 Bxe4 10. O-O Bxc2
11. Nd4 Rxd4 12. Be3 Rg4 13. Rac1 Bg6 14. Bxa7 Ne7 15. Be3 Bxc3 16. Rxc3 Nd5 17. Rxc6 Nxe3 18. fxe3 Be4
0-1

[Event "Quens's Pawn Game Thematic 1"]
[Site "SchemingMind.com"]
[Date "2024.11.09"]
[Round "-"]
[White "pnwmusichound"]
[Black "bartleby en passant"]
[Result "1-0"]
[WhiteCountry "USA"]
[BlackCountry "IRL"]
[WhiteElo "1796"]
[WhiteRD "102"]
[BlackElo "1521"]
[BlackRD "89"]
[GameID "748631"]

1. d4 d5 2. g3 Bf5 3. Nf3 e6 4. Bg2 Nf6 5. O-O Bd6 6. c4 c5 7. Nc3 Nc6 8. cxd5 exd5 9. Bg5 cxd4 10. Nxd5 O-O
11. Nxd4 Nxd4 12. Qxd4 Be7 13. e4 Be6 14. Nxe7+ Qxe7 15. e5 Qd7 16. Qh4 Ng4 17. Rfd1 Qb5 18. Be4 g6 19. h3 Nxf2 20. Kxf2 Qxb2+
21. Kf3 h5 22. Bh6 Rfc8 23. Qf6 Bg4+ 24. hxg4
1-0

[Event "Quens's Pawn Game Thematic 1"]
[Site "SchemingMind.com"]
[Date "2024.11.04"]
[Round "-"]
[White "bartleby en passant"]
[Black "Chessibelle"]
[Result "1-0"]
[WhiteCountry "IRL"]
[BlackCountry "ENG"]
[WhiteElo "1520"]
[WhiteRD "111"]
[BlackElo "959"]
[BlackRD "56"]
[GameID "748632"]

1. d4 d5 2. Nc3 e6 3. Bf4 a6 4. e3 Bd7 5. Nf3 g6 6. Bd3 f5 7. Ne5 Bc8 8. a3 c6 9. Ne2 Qa5+ 10. c3 b5
11. b4 Qd8 12. g3 Nd7 13. O-O Ngf6 14. Nxc6 Qc7 15. Bxc7
1-0

[Event "Quens's Pawn Game Thematic 1"]
[Site "SchemingMind.com"]
[Date "2024.11.04"]
[Round "-"]
[White "Chessibelle"]
[Black "bartleby en passant"]
[Result "0-1"]
[WhiteCountry "ENG"]
[BlackCountry "IRL"]
[WhiteElo "959"]
[WhiteRD "56"]
[BlackElo "1520"]
[BlackRD "111"]
[GameID "748633"]

1. d4 d5 2. e3 Nf6 3. h3 Bf5 4. Be2 Qd7 5. Nc3 e6 6. Bd2 Nc6 7. a3 Bd6 8. g4 Bg6 9. f4 h6 10. Na2 Ne4
11. Bc1 Qe7 12. Nf3 a6 13. b4 Ng3 14. Rg1 Nxe2 15. Qxe2 Be4 16. c3 O-O-O 17. c4 Bxf3 18. Qxf3 Qh4+ 19. Rg3 Qe7 20. Bd2 Qd7
21. Nc3 g5 22. c5 gxf4 23. exf4 Be7 24. O-O-O Nxd4 25. Qe3 Nb3+ 26. Kb2 Nxd2 27. Rxd2 Bf6 28. g5 d4 29. Qf2 dxc3+ 30. Rxc3 Qxd2+
31. Qxd2 Rxd2+
0-1

[Event "Quens's Pawn Game Thematic 1"]
[Site "SchemingMind.com"]
[Date "2024.11.09"]
[Round "-"]
[White "bartleby en passant"]
[Black "Helga1946"]
[Result "0-1"]
[WhiteCountry "IRL"]
[BlackCountry "GER"]
[WhiteElo "1521"]
[WhiteRD "89"]
[BlackElo "2420"]
[BlackRD "68"]
[GameID "748634"]

1. d4 d5 2. Nc3 Nf6 3. Bf4 a6 4. e3 h6 5. Bd3 e6 6. a3 c5 7. Nf3 Nc6 8. O-O c4 9. Be2 b5 10. Qd2 Be7
11. h3 O-O 12. Ne5 Nxe5 13. Bxe5 Qb6 14. Rad1 Bb7 15. g4 a5 16. h4 b4 17. Na4 Qc6 18. Bxf6 Bxf6 19. b3 bxa3 20. Ra1 Be7
21. Nc5 Bxc5 22. dxc5 d4 23. f3 d3 24. cxd3 cxd3 25. Qxd3 Qxc5 26. Rfc1 Qe7 27. g5 hxg5 28. hxg5 Qxg5+ 29. Kf2 Rfd8 30. Qb1 Qh4+
31. Kg2 Rd5 32. Rh1 Rg5+
0-1

[Event "Quens's Pawn Game Thematic 1"]
[Site "SchemingMind.com"]
[Date "2024.11.09"]
[Round "-"]
[White "Helga1946"]
[Black "bartleby en passant"]
[Result "1-0"]
[WhiteCountry "GER"]
[BlackCountry "IRL"]
[WhiteElo "2437"]
[WhiteRD "66"]
[BlackElo "1492"]
[BlackRD "99"]
[GameID "748635"]

1. d4 d5 2. c4 Nf6 3. cxd5 Nxd5 4. Nf3 Bf5 5. Nbd2 Nf6 6. Qb3 b6 7. e4 Bg6 8. e5 Nd5 9. e6 fxe6 10. Ne5 Nf6
11. Ndf3 Qd5 12. Bc4 Qe4+ 13. Be3 Kd8 14. Rc1 Nd5 15. Ng5 Ke8 16. Bb5+ c6 17. Nxe4
1-0

[Event "Quens's Pawn Game Thematic 1"]
[Site "SchemingMind.com"]
[Date "2024.11.05"]
[Round "-"]
[White "bartleby en passant"]
[Black "Henk Miedema"]
[Result "1-0"]
[WhiteCountry "IRL"]
[BlackCountry "NED"]
[WhiteElo "1520"]
[WhiteRD "111"]
[BlackElo "775"]
[BlackRD "81"]
[GameID "748636"]

1. d4 d5 2. Nc3 c6 3. Bf4 Nd7 4. e4 e6 5. Bd3 g6 6. a3 Bg7 7. e5 f5 8. exf6 Bxf6 9. Nf3 b5 10. Qd2 a6
11. O-O-O Bb7 12. h4 Qe7 13. g4 Kd8 14. g5 c5 15. gxf6 Ngxf6 16. Ne5 Rc8 17. Nxd7 Qxd7 18. Bg5 Qf7 19. Qf4 Ke8 20. Bxf6 Rf8
21. Qh6 cxd4 22. Bxd4 Qg8 23. Rde1 Bc6 24. Qd2 Ke7 25. Bc5+ Kd7 26. Bxf8 Qxf8 27. Na2 d4 28. Rhf1 Bd5 29. Nb4 Bg2 30. Rg1 Bh3
31. Nxa6 Bf5 32. Bxf5 Qxf5 33. Qxd4+ Ke7 34. Nb4 Rd8 35. Nc6+ Ke8 36. Qxd8+ Kf7 37. Qe7+ Kg8 38. Rxe6 Qxf2 39. Rgxg6+ hxg6 40. Rxg6+ Kh8
41. Qg7#
1-0

[Event "Quens's Pawn Game Thematic 1"]
[Site "SchemingMind.com"]
[Date "2024.11.06"]
[Round "-"]
[White "Henk Miedema"]
[Black "bartleby en passant"]
[Result "0-1"]
[WhiteCountry "NED"]
[BlackCountry "IRL"]
[WhiteElo "775"]
[WhiteRD "81"]
[BlackElo "1520"]
[BlackRD "111"]
[GameID "748637"]

1. d4 d5 2. Nf3 Nc6 3. e3 Bg4 4. Be2 Nf6 5. Nh4 Bxe2 6. Qxe2 e6 7. Bd2 Ne4 8. O-O Qxh4 9. Qb5 Rb8 10. Qd3 Bd6
11. f3 Qxh2#
0-1

[Event "Quens's Pawn Game Thematic 1"]
[Site "SchemingMind.com"]
[Date "2024.11.05"]
[Round "-"]
[White "The Stonewall"]
[Black "abuteague"]
[Result "1-0"]
[WhiteCountry "ENG"]
[BlackCountry "USA"]
[WhiteElo "2271"]
[WhiteRD "76"]
[BlackElo "1614"]
[BlackRD "75"]
[GameID "748651"]

1. d4 d5 2. Nf3 e6 3. c4 a6 4. Bg5 Be7 5. Bxe7 Qxe7 6. Nbd2 Nf6 7. Rc1 dxc4 8. Nxc4 O-O 9. e3 Bd7 10. Qb3 Bc6
11. Nce5 Bd5 12. Bc4 b5 13. Bxd5 Nxd5 14. O-O Rc8 15. Rc5 Nd7 16. Nxd7 Qxd7 17. Ne5 Qe7 18. Rfc1 f6 19. Nd3 Nb6 20. Rc6 Nc4
21. Nc5 Na5 22. Qxe6+ Qxe6 23. Rxe6 Nc4 24. b3 Nd6 25. Re7 Kf8 26. Rd7 h5 27. Ne6+ Ke8 28. Rxg7
1-0

[Event "Quens's Pawn Game Thematic 1"]
[Site "SchemingMind.com"]
[Date "2024.11.05"]
[Round "-"]
[White "abuteague"]
[Black "The Stonewall"]
[Result "0-1"]
[WhiteCountry "USA"]
[BlackCountry "ENG"]
[WhiteElo "1614"]
[WhiteRD "75"]
[BlackElo "2271"]
[BlackRD "76"]
[GameID "748652"]

1. d4 d5 2. c4 e6 3. Nc3 c6 4. Nf3 dxc4 5. a4 Bb4 6. Bf4 Nd7 7. e3 b5 8. axb5 cxb5 9. Be2 Bb7 10. O-O a6
11. Nb1 Ngf6 12. Qc2 O-O 13. b3 c3 14. Rc1 Rc8 15. Ne5 Nxe5 16. Bxe5 Bd6 17. Bxd6 Qxd6 18. Ra3 Nd5 19. Bf3 Nb4 20. Qe2 Bxf3
21. Qxf3 c2 22. Nd2 Nd3
0-1

[Event "Quens's Pawn Game Thematic 1"]
[Site "SchemingMind.com"]
[Date "2024.11.06"]
[Round "-"]
[White "bartleby en passant"]
[Black "abuteague"]
[Result "1-0"]
[WhiteCountry "IRL"]
[BlackCountry "USA"]
[WhiteElo "1492"]
[WhiteRD "99"]
[BlackElo "1595"]
[BlackRD "84"]
[GameID "748653"]

1. d4 d5 2. Nc3 e6 3. Bf4 Bd6 4. Qd2 Nf6 5. e3 Bxf4 6. exf4 O-O 7. Bd3 Nc6 8. Nf3 Bd7 9. Ne5 Nxd4 10. Bxh7+ Kxh7
11. Qxd4 b6 12. g4 c5 13. Qd3+ Kg8 14. h4 c4 15. Qd4 Rc8 16. O-O-O a6 17. h5 b5 18. g5 Ne8 19. h6 b4 20. hxg7 Nxg7
21. Nxd7 Qxd7 22. Rh2 Rfd8 23. Rdh1 Kf8 24. Qf6
1-0

[Event "Quens's Pawn Game Thematic 1"]
[Site "SchemingMind.com"]
[Date "2024.11.06"]
[Round "-"]
[White "abuteague"]
[Black "bartleby en passant"]
[Result "0-1"]
[WhiteCountry "USA"]
[BlackCountry "IRL"]
[WhiteElo "1566"]
[WhiteRD "84"]
[BlackElo "1521"]
[BlackRD "89"]
[GameID "748654"]

1. d4 d5 2. c4 dxc4 3. a4 Nf6 4. Bf4 Nd5 5. Bg3 Bg4 6. f3 Bh5 7. e4 Ne3 8. Qd2 Nxf1 9. Kxf1 e6 10. Nc3 Bb4
11. Kf2 O-O 12. Nge2 Nc6 13. Rhd1 Ne7 14. Nf4 Bg6 15. Nxg6 Nxg6 16. Qc2 c6 17. d5 Qf6 18. dxc6 Bxc3 19. cxb7 Bxb2 20. bxa8=Q Bd4+
21. Kf1 Rxa8 22. Rab1 e5 23. Qxc4 h5 24. Qd5 Rd8 25. Qa5 Rd7 26. Rb5 Qe6 27. Rdb1 Qc4+
0-1